Kreatívny manažment v cestovnom ruchu diplomová práca

Na minha lista:
Detalhes bibliográficos
Autor principal: Izakovič, Jakub
Autor Corporativo: Obchodná fakulta EU. Katedra služieb a cestovného ruchu - zrušené
Outros Autores: Šuterová, Viola, 1957-
Formato: Livro
Idioma:eslovaco
Publicado em: Bratislava 2014
Tags: Adicionar Tag
Sem tags, seja o primeiro a adicionar uma tag!

MARC

LEADER 00000nbm a2200000 4500
001 0186300
005 20170201102306.8
041 0 |a slo 
044 |a SK 
245 1 0 |a Kreatívny manažment v cestovnom ruchu  |b diplomová práca  |c Jakub Izakovič ; školiteľ: Viola Šuterová 
264 1 |a Bratislava  |c 2014 
300 |a 56 s. 
100 1 |a Izakovič, Jakub 
700 1 |a Šuterová, Viola, 1957- 
710 2 |a Obchodná fakulta EU. Katedra služieb a cestovného ruchu - zrušené